Výnimky zo slobody voľného pohybu kapitálu a platieb po nadobudnutí platnosti Lisabonskej zmluvy
Pojem "spoločný trh". Štyri slobody vnútorného trhu. Obsah slobody voľného pohybu kapitálu a platieb. Historický vývoj uskutočňovania slobody voľného pohybu kapitálu a platieb. Prípustné obmedzenia slobody voľného pohybu kapitálu a platieb. Prípustné obmedzenia slobody voľného pohybu kapitálu voči t...
Salvato in:
| Autore principale: | |
|---|---|
| Natura: | Capitolo di libro |
| Lingua: | slovacco |
| Soggetti: | |
| Tags: |
Nessun Tag, puoi essere il primo ad aggiungerne!!
|
MARC
| LEADER | 00000naa a2200000 4500 | ||
|---|---|---|---|
| 001 | 0159605 | ||
| 005 | 20220718123521.3 | ||
| 041 | 0 | |a slo | |
| 044 | |a SK | ||
| 245 | 1 | 0 | |a Výnimky zo slobody voľného pohybu kapitálu a platieb po nadobudnutí platnosti Lisabonskej zmluvy |c Andrej Karpat |
| 520 | |a Pojem "spoločný trh". Štyri slobody vnútorného trhu. Obsah slobody voľného pohybu kapitálu a platieb. Historický vývoj uskutočňovania slobody voľného pohybu kapitálu a platieb. Prípustné obmedzenia slobody voľného pohybu kapitálu a platieb. Prípustné obmedzenia slobody voľného pohybu kapitálu voči tretím krajinám. | ||
| 610 | 2 | 0 | |a trh spoločný |
| 610 | 2 | 0 | |a pohyb kapitálu |
| 610 | 2 | 0 | |a Európska únia |
| 100 | 1 | |a Karpat, Andrej | |